| 000 | 00538nam a2200169 i 4500 | ||
|---|---|---|---|
| 001 | 59580 | ||
| 003 | ES-MaACL | ||
| 005 | 20230906164047.0 | ||
| 007 | t| | ||
| 008 | 031029s1969 sp ||||1| spa d | ||
| 100 | 1 |
_aElredo de Rievoulx _cSan. _947096 |
|
| 245 | 1 | 3 |
_aLa amistad espiritual / _cSan Elredo de Rievoulx ; introducción, notas y traducción por Martín Mª García. |
| 260 |
_aMadrid : _bStudium, _c[1969] |
||
| 300 |
_a158 p. ; _c18 cm. |
||
| 700 | 1 |
_aGarcía, Martín María. _954079 |
|
| 852 |
_aES-MaACL _jC-37216 _bR.70464 |
||
| 999 |
_c59580 _d59580 |
||